000 00284nam a22001337a 4500
008 181102b xxu||||| |||| 00| 0 eng d
020 _a0253337178
041 _aeng
080 _a610
100 _a4
101 _aSHM
245 _aThe Patient's Ordeal
_cMay,W.F
942 _2udc
_cBK
999 _c51606
_d51606